L'art de l'escrime dans toute son etendue; (Запись № 7624370)

Подробности
000 -МАРКЕР
контрольное поле 03526nam0a22004931 4500
001 - ИДЕНТИФИКАТОР ЗАПИСИ
контрольное поле rc\3061579
005 - ИДЕНТИФИКАТОР ВЕРСИИ
контрольное поле 20260406161746.0
035 ## - ДРУГИЕ СИСТЕМНЫЕ НОМЕРА
Идентификатор записи (NLR Aleph) 007200239
100 ## - ДАННЫЕ ОБЩЕЙ ОБРАБОТКИ
Данные общей обработки 20111013d1796 |||y0rusy50 ca
101 0# - ЯЗЫК РЕСУРСА
Язык текста, звукозаписи и т.д. русский
-- французский
102 ## - СТРАНА ПУБЛИКАЦИИ ИЛИ ПРОИЗВОДСТВА
Страна публикации Российская Федерация
135 ## - ПОЛЕ КОДИРОВАННЫХ ДАННЫХ: ЭЛЕКТРОННЫЕ РЕСУРСЫ
Кодированные данные для электронного ресурса crcn 024anaba
140 ## - ПОЛЕ КОДИРОВАННЫХ ДАННЫХ: СТАРОПЕЧАТНЫЕ ИЗДАНИЯ - ОБЩАЯ ИНФОРМАЦИЯ
Кодированные данные о старопечатном издании - Основные y ga vkb yaa0000
200 1# - ЗАГЛАВИЕ И СВЕДЕНИЯ ОБ ОТВЕТСТВЕННОСТИ
Основное заглавие L'art de l'escrime dans toute son etendue;
Сведения, относящиеся к заглавию nouveau traité aves toutes les connaiffances qu'il faut pour bien manier l'épée
Параллельное заглавие Искусство фехтовать во всем его пространстве. Новое описание со всеми нужными познаниями, как хорошо владеть шпагою.
Язык параллельного заглавия русский
Первые сведения об ответственности [Б. Фишер]
210 ## - ПУБЛИКАЦИЯ, РАСПРОСТРАНЕНИЕ И ДР.
Место издания, распространения и т.д. [Санкт-Петербург
Имя издателя, распространителя и т. д. Б. и.
Дата издания, распространения и т.д. 1796]
215 ## - ФИЗИЧЕСКАЯ ХАРАКТЕРИСТИКА
Специфическое обозначение материала и объем 68 с., 16 л. ил.
Другие сведения о физической характеристике ил.
Размеры
300 ## - ОБЩИЕ ПРИМЕЧАНИЯ
Текст примечания Текст парал. на рус. и фр. яз.
300 ## - ОБЩИЕ ПРИМЕЧАНИЯ
Текст примечания Вых. дан. установлены по Сопикову (№4670)
300 ## - ОБЩИЕ ПРИМЕЧАНИЯ
Текст примечания На с.3-4 посвящ. авт. великому князю Павлу Петровичу с подписью: Б. Фишер, уроженец швейцарский
316 ## - ПРИМЕЧАНИЯ ОБ ОСОБЕННОСТЯХ ЭКЗЕМПЛЯРА
Текст примечания Экз. РНБ (18.114.2.9) в составном картон. пер., обтянутом лилово-серой бумагой, с коричневыми кожан. уголками и корешком. Корешок гладкий, с тиснением золотом (позолота частично утрачена). На корешке коричневая кожан. наклейка с вытисн. золотом загл.: "Описан[ие] искусст[ва] фехтов[ания]", суперэкслибрис И.П.Б. с буквами И.Б. и бумаж. наклейка с порядковым номером книги на полке: "9". На нижней крышке пер. экслибрис Рус. фонда ГПБ с шифром. Обрез крапчатый синий. На форзаце ярлык с шифром РНБ. На тит. л., с.68 и оборотах листов ил. круглый штамп ГПБ. На обороте тит. л. рукоп. помета библиогр. характера. Размер: 25,8х20,4х1,4 см
Организация и экземпляр, к которому относится поле NLR: 18.114.2.9
321 1# - ПРИМЕЧАНИЯ ОБ ОТДЕЛЬНО ИЗДАННЫХ УКАЗАТЕЛЯХ / РЕФЕРАТАХ / ССЫЛКАХ, ОТРАЖАЮЩИХ КАТАЛОГИЗИРУЕМЫЙ ДОКУМЕНТ
Примечания об указателях, рефератах, ссылках СК XVIII 7796
325 ## - ПРИМЕЧАНИЕ О КОПИИ
Текст примечания Копия доступна в Электрон. б-ке РНБ
510 1# - ПАРАЛЛЕЛЬНОЕ ЗАГЛАВИЕ
Параллельное заглавие Искусство фехтовать во всем его пространстве.
Сведения, относящиеся к заглавию Новое описание со всеми нужными познаниями, как хорошо владеть шпагою.
Язык заглавия русский
620 ## - МЕСТО И ДАТА ПУБЛИКАЦИИ, ИСПОЛНЕНИЯ И Т. Д.
Город Санкт-Петербург
700 #1 - ИМЯ ЛИЦА - ПЕРВИЧНАЯ ОТВЕТСТВЕННОСТЬ
Начальный элемент ввода Фишер
Часть имени, кроме начального элемента ввода Б.
Расширение инициалов личного имени Балтазар
702 #0 - ИМЯ ЛИЦА - ВТОРИЧНАЯ ОТВЕТСТВЕННОСТЬ
Код отношения Объект посвящения
Материалы, к которым относится поле rus
Графика поля Кириллица
Начальный элемент ввода Павел
Дополнения к именам, кроме дат император российский
Римские цифры I
Даты 1754-1801
Идентификатор авторитетной/нормативной записи RU\NLR\AUTH\778886
Системный номер авторитетной/нормативной записи 118767
801 #0 - ИСТОЧНИК ЗАПИСИ
Страна Российская Федерация
Организация NLR
Правила каталогизации psbo
801 #1 - ИСТОЧНИК ЗАПИСИ
Страна Российская Федерация
Организация ELAR
Источник данных rusmarc
852 ## - МЕСТОНАХОЖДЕНИЕ И ШИФР ХРАНЕНИЯ
Идентификатор организации NLR
Шифр хранения (Call Number) 18.114.2.9
899 ## - ДАННЫЕ О МЕСТОНАХОЖДЕНИИ (устаревшее)
Местонахождение РГБ
899 ## - ДАННЫЕ О МЕСТОНАХОЖДЕНИИ (устаревшее)
Местонахождение БАН
899 ## - ДАННЫЕ О МЕСТОНАХОЖДЕНИИ (устаревшее)
Местонахождение МГУ
899 ## - ДАННЫЕ О МЕСТОНАХОЖДЕНИИ (устаревшее)
Местонахождение ГПИБ
942 ## - ДОПОЛНИТЕЛЬНЫЕ ЭЛЕМЕНТЫ ЗАПИСИ (АБИС)
Тип экземпляра АБИС Книга
980 ## - КОЛЛЕКЦИЯ
Название коллекции Национальная библиография
980 3# - КОЛЛЕКЦИЯ
Название коллекции
980 3# - КОЛЛЕКЦИЯ
Название коллекции
980 3# - КОЛЛЕКЦИЯ
Название коллекции
981 20 - КОЛЛЕКЦИЯ ЭЛЕКТРОННОЙ БИБЛИОТЕКИ
Название коллекции Книжные памятники РНБ
Название подколлекции Русский книжный фонд
Экземпляры
Тип экземпляра Дата поступления Библиотека постоянного хранения Библиотека текущего хранения Место хранения Шифр хранения Штрих-код Статус экземпляра
Книга 26.10.2013 РНБ (Садовая) РНБ (Садовая) Русский книжный фонд -Главное здание, Ленинский читальный зал 18.114.2.9 7200239-10